Γραμματική της ελληνικής διαλέκτου του Πόντου

Αποθηκεύτηκε σε:
Λεπτομέρειες βιβλιογραφικής εγγραφής
Κύριος συγγραφέας: Οικονομίδης, Δημοσθένης, 1856-1938
Συγγραφή απο Οργανισμό/Αρχή: Ακαδημία Αθηνών
Μορφή: Βιβλίο
Γλώσσα:Greek
Δημοσίευση: Εν Αθήναις : Ακαδημία Αθηνών, 1958.
Σειρά:Λεξικογραφικόν Δελτίον. Παράρτημα ; 1
Θέματα:
Ετικέτες: Προσθήκη ετικέτας
Δεν υπάρχουν, Καταχωρήστε ετικέτα πρώτοι!

MARC

LEADER 00000cam a2200000 i 4500
001 1/88540
008 051102s1958 gr | ||| |||| ||gre||
035 |l 10081104 
040 |a GR-MyUA  |b gre  |e AACR2 
041 0 |a gre 
082 0 |a 489.37  |2 (22) 
100 1 |a Οικονομίδης, Δημοσθένης,   |d 1856-1938. 
245 1 0 |a Γραμματική της ελληνικής διαλέκτου του Πόντου /   |c υπό Δ. Η. Οικονομίδου.  
260 |a Εν Αθήναις :   |b Ακαδημία Αθηνών,   |c 1958.  
300 |a 506 σ. ;   |c 27 εκ.  
490 1 |a (Λεξικογραφικόν Δελτίον. Παράρτημα   |v ; 1)  
600 1 0 |a Οικονομίδης, Δημοσθένης,   |d 1856-1938. 
650 0 0 |a Greek language, Modern  |x Dialects  |z Pontus. 
650 0 0 |a Greek language, Modern  |x Grammar  |x Dialects. 
710 2 |a Ακαδημία Αθηνών. 
830 0 |a Λεξικογραφικόν Δελτίον. Παράρτημα ;  |v  1 
852 |a INST  |b CHIOS  |e 20051102  |h 489.37 OIK  |p 005200022068  |q 005200022068  |t BK  |y 0 
852 |a INST  |b LESVOS  |e 20060126  |h 489.37 ΟΙΚ  |p 005100034070  |q 005100034070  |t BK  |y 0 
852 |a INST  |b SAMOS  |e 20051215  |h 489.37 ΟΙΚ  |p 005300024741  |q 005300024741  |t BK  |y 0 
901 |a BIBL3-2005-3 
901 |a BIBL2-2005-3 
901 |a BIBL1-2006-1 
909 |a Σ  |b 124623 
909 |a Χ  |b 112820 
909 |a Λ  |b 125612 
970 |a ΧΑΖΙΡΗ  |b ΑΝΝΑ  |z 2005/11/02